00503nam a2200193 a 4500001001300000003000900013005001700022008004100039020002300080082002100103100001600124245002800140260003800168300000900206500003500215505002700250650001600277700001600293nice12345678IN_TiNIC20260116013254.0050524s1961 boma grp 000 0 eng  a8171540 c15000a306.0899145bGHU aGhurye, G S aCaste and Race in India aBombay bPopular Prakashan c1961 a493p aincludes index and biblioraphy2 aappendix, bibliography aCaste-India1 aGhurye, G S